000 00838nam a2200265Ia 4500
003 OSt
005 20220918171005.0
006 a|||||r|||| 00| 0
007 ta
008 220917b |||||||| |||| 00| 0 eng d
020 _a9781118255346 (pbk)
_c1985.85
024 _a270,864
037 _b37851, 31/05/2013, Segment Book Distributors
_cTextual
040 _aARTS
_cARTS
_beng
041 _2eng
_aeng
082 _aO111,1:gC, Q2
100 _aKing Katherine Callen
_932929
245 0 _aAncient epic
260 _aMalden
_bWiley Blackwell U.S.A
_c2012
300 _a206p.
_ccm.
490 _aBlackwell introductions to the classical world
650 _aENGLISH LITERATURE
942 _hO111,1:gC, Q2
_cTEXL
_2CC
999 _c137142
_d137142